[Event "Honved"]
[Site "Budapest"]
[Date "1991.??.??"]
[Round "?"]
[White "Lutz, Christopher"]
[Black "Petran, Pal"]
[Result "1-0"]
[WhiteElo "2545"]
[BlackElo "2425"]

1.d4 Nf6 2.c4 e6 3.Nf3 b6 4.a3 Bb7 5.Nc3 d5 6.cxd5 Nxd5 7.e3 Be7 8.Bb5+ c6
9.Bd3 c5 10.Nxd5 Bxd5 11.e4 Bb7 12.Bb5+ Bc6 13.Bxc6+ Nxc6 14.d5 exd5 15.exd5 Na5
16.O-O O-O 17.Bf4 Bd6 18.Bd2 Nc4 19.Bc3 Re8 20.Re1 Rxe1+ 21.Qxe1 Qe8 22.Qf1 b5
23.Qd3 h6 24.a4 a6 25.b3 Nb6 26.a5 Nd7 27.Re1 Qd8 28.g3 Ra7 29.Nh4 Nf6 30.Nf5 Bf8
31.d6 Ne8 32.Rd1 Rd7 33.Ne7+ Rxe7 34.dxe7  1-0

[Event "Cansys IM-Nov"]
[Site "Budapest"]
[Date "1991.??.??"]
[Round "3"]
[White "Salus, Stephane"]
[Black "Orso, Miklos"]
[Result "1/2-1/2"]
[WhiteElo "2205"]
[BlackElo "2400"]

1.d4 Nf6 2.c4 e6 3.Nf3 b6 4.a3 Bb7 5.Nc3 d5 6.cxd5 Nxd5 7.e3 Nxc3 8.bxc3 Be7
9.a4 Nc6 10.Bb5 O-O 11.O-O Na5 12.Ne5 c5 13.Ba3 cxd4 14.Bxe7 Qxe7 15.cxd4 Qg5
16.Qg4 Qxg4 17.Nxg4 Rfc8 18.f3 Rc3 19.Rfc1 Rac8 20.Rxc3 Rxc3 21.e4 h5 22.Ne5 f6
23.Ng6 Kf7 24.Nh8+ Kg8 25.Ng6 Nc6 26.d5 exd5 27.exd5 Ne5 28.Nxe5 fxe5 29.Re1 Bxd5
30.Rxe5 Rc1+ 31.Kf2 Rc2+ 32.Kg3 Bf7 33.Re7 a5 34.h4 Rd2 35.Rb7 Rd6 36.Kf4 Kf8
37.g4 Rf6+ 38.Kg3 Bd5 39.Rb8+ Kf7 40.f4 hxg4 41.Kxg4 Rd6 42.f5 Kf6  1/2-1/2

[Event "Cansys"]
[Site "Budapest"]
[Date "1991.??.??"]
[Round "9"]
[White "Werner, Dimo"]
[Black "Atalik, Suat"]
[Result "0-1"]
[WhiteElo "2395"]
[BlackElo "2420"]

1.d4 Nf6 2.c4 e6 3.Nf3 b6 4.a3 Bb7 5.Nc3 d5 6.cxd5 Nxd5 7.Qc2 Nxc3 8.bxc3 c5
9.e4 Nd7 10.Bd3 Qc7 11.Qd2 g6 12.O-O Bg7 13.Qf4 Qxf4 14.Bxf4 O-O 15.Bd6 Rfd8
16.Be7 Rdc8 17.e5 Bf8 18.Bxf8 Nxf8 19.Rfe1 Bxf3 20.gxf3 Rc7 21.Red1 Rd8 22.Bb5 g5
23.Rd3 Ng6 24.dxc5 Rxd3 25.cxb6 Rcxc3 26.Bxd3 Rxd3 27.bxa7 Rd8 28.Rb1 Kg7
29.Rb8 Rd1+ 30.Kg2 Nf4+ 31.Kg3 Rg1+  0-1

[Event "Cansys"]
[Site "Budapest"]
[Date "1991.??.??"]
[Round "10"]
[White "Werner, Dimo"]
[Black "Schlosser, Philipp"]
[Result "0-1"]
[WhiteElo "2395"]
[BlackElo "2465"]

1.d4 Nf6 2.c4 e6 3.Nf3 b6 4.a3 Bb7 5.Nc3 g6 6.Bg5 Bg7 7.Qc2 h6 8.Bh4 O-O
9.Rd1 d6 10.d5 g5 11.Bg3 Nh5 12.e3 Nd7 13.Be2 Qe7 14.Nd4 Bxd4 15.Rxd4 Nxg3
16.hxg3 Kg7 17.Kd1 e5 18.Rd2 f5 19.Kc1 a5 20.Rdd1 Nc5 21.g4 Bc8 22.gxf5 Bxf5
23.e4 Bg6 24.Bg4 Rf4 25.f3 Nxe4 26.Nxe4 Bxe4 27.fxe4 Rxg4 28.g3 Rh8 29.Qd3 h5
30.Rxh5 Rxh5 31.Qf3 Rgh4 32.gxh4 Rxh4 33.Qg2 Qf6 34.Rf1 Rf4 35.Rg1 g4 36.Kb1 Qg6
37.Re1 g3 38.Re3 Rg4 39.Kc2 Qg5 40.Kd3 Qh4 41.Re2 Qh6 42.c5 dxc5 43.Kc4 Kf6
44.Re1 Qh2 45.Qf1+ Rf4 46.Qg1 Rxe4+ 47.Kb5 Ke7 48.Kc6 Rxe1 49.Qxe1 g2 50.Kxc7 g1=Q
51.d6+ Ke6  0-1

[Event "National op"]
[Site "Chicago"]
[Date "1991.??.??"]
[Round "4"]
[White "Shapiro, Daniel E"]
[Black "Browne, Walter S"]
[Result "0-1"]
[WhiteElo "2310"]
[BlackElo "2520"]

1.d4 Nf6 2.Nf3 e6 3.c4 b6 4.a3 Bb7 5.Nc3 g6 6.Bg5 Bg7 7.e3 d6 8.Qc2 Nbd7
9.Be2 h6 10.Bxf6 Nxf6 11.O-O O-O 12.b4 Qe7 13.Rab1 c5 14.Rfd1 Rac8 15.bxc5 dxc5
16.Ne5 cxd4 17.exd4 Rfd8 18.a4 Nd7 19.Ng4 Nb8 20.Nb5 Nc6 21.Bf3 a6 22.d5 exd5
23.cxd5 Ne5 24.d6 Nxf3+ 25.gxf3 Qg5 26.Nc7 Bxf3 27.h3 h5 28.Qd2 Qxd2 29.Rxd2 hxg4
30.Rxb6 Be5 31.Rxa6 gxh3 32.a5  0-1

[Event "DEN-chT"]
[Site "DEN"]
[Date "1991.??.??"]
[Round "2"]
[White "Jaksland, Tim"]
[Black "Bank Friis, Carsten"]
[Result "0-1"]
[WhiteElo "2255"]
[BlackElo "2305"]

1.d4 Nf6 2.c4 e6 3.Nf3 b6 4.a3 Ba6 5.Qc2 c5 6.d5 exd5 7.cxd5 g6 8.Nc3 Bg7
9.g3 O-O 10.Bg2 d6 11.O-O Re8 12.Re1 b5 13.Bd2 Nbd7 14.b4 Rc8 15.Qa2 Bb7
16.Rad1 a6 17.e4 Ng4 18.Nb1 Nde5 19.Nxe5 Bxe5 20.Bh3 h5 21.bxc5 Rxc5 22.Bxg4 hxg4
23.Be3 Rc8 24.Nd2 Qa5 25.Nb3 Qa4 26.Rd4 Bxd4 27.Nxd4 Rxe4 28.Qb2 Qc4 29.Rc1 Qxd5
30.Rxc8+ Bxc8 31.Qd2 Bb7 32.f3 gxf3 33.Kf2 Re8 34.Qb2 Qe4 35.Qd2 Qb1  0-1

[Event "DEN-chT"]
[Site "DEN"]
[Date "1991.??.??"]
[Round "6"]
[White "Jaksland, Tim"]
[Black "Ochsner, Thomas"]
[Result "1-0"]
[WhiteElo "2255"]
[BlackElo "2275"]

1.d4 Nf6 2.Nf3 e6 3.c4 b6 4.a3 Bb7 5.Nc3 d5 6.cxd5 Nxd5 7.Qc2 Nxc3 8.bxc3 c5
9.e4 Nd7 10.Bf4 Be7 11.Bd3 cxd4 12.cxd4 Rc8 13.Qb3 Nf6 14.Bb5+ Kf8 15.O-O Nxe4
16.Rac1 Rxc1 17.Rxc1 Bd5 18.Qa4 g5 19.Bc7 Qa8 20.Bc6 Bxc6 21.Rxc6 Kg7 22.Qc2 Nf6
23.Be5 h6 24.d5 Re8 25.d6 Bd8 26.h4 g4 27.Nd4 Kg8 28.Rc8 Qe4 29.Bxf6 Qe1+
30.Kh2 Bxf6 31.Rxe8+ Kg7 32.Nf5+  1-0

[Event "Telecom op"]
[Site "Dublin"]
[Date "1991.??.??"]
[Round "?"]
[White "Brady, Stephen"]
[Black "Howell, James C"]
[Result "0-1"]
[WhiteElo "2320"]
[BlackElo "2455"]

1.d4 Nf6 2.Nf3 e6 3.c4 b6 4.a3 Bb7 5.Nc3 d5 6.cxd5 Nxd5 7.Qc2 Nxc3 8.bxc3 c5
9.e4 Nd7 10.Bd3 Qc7 11.Bb2 cxd4 12.cxd4 Qxc2 13.Bxc2 Rc8 14.Bd3 Be7 15.Kd2 O-O
16.Rac1 Bd6 17.Ke3 Nf6 18.h3 b5 19.Nd2 a6 20.Rxc8 Rxc8 21.Rc1 Rxc1 22.Bxc1 Nd7
23.a4 bxa4 24.Nc4 Bb4 25.Bd2 Bf8 26.Na5 Bc8 27.Bc3 Nb6 28.Nc4 Nxc4+ 29.Bxc4 Bb7
30.Ba5 Ba3 31.Kd3 Kf8 32.f3 Ke7 33.Kc3 f5 34.e5 Kd7 35.Bb4 Bc1 36.Bf8 g6
37.Kc2 Be3 38.Bc5 h5 39.Kb2 a5 40.Kc3 Bf2 41.Kd2 f4 42.Bd3 g5 43.Bg6 a3 44.Bxa3 Bxd4
45.Bxh5 Bxe5 46.Bg6 Bd6 47.Bb2 a4 48.Bd3 e5 49.Kc3 a3 50.Bc1 a2 51.Bb5+ Ke7
52.Kb2 Ba3+ 53.Kxa2 Bxc1 54.Kb1 Be3 55.Bd3 Kd6 56.Kc2 Kc5  0-1

[Event "NLD-ch sf"]
[Site "Enschede"]
[Date "1991.??.??"]
[Round "9"]
[White "Vanheste, Jeroen"]
[Black "Pieterse, Gert"]
[Result "1/2-1/2"]
[WhiteElo "2385"]
[BlackElo "2415"]

1.Nf3 Nf6 2.c4 e6 3.d4 b6 4.a3 Bb7 5.Nc3 d5 6.cxd5 exd5 7.g3 Be7 8.Bg2 O-O
9.O-O Re8 10.Bg5 Ne4 11.Bxe7 Qxe7 12.e3 Nxc3 13.bxc3 Nd7 14.Qc2 c5  1/2-1/2

[Event "Espoo op"]
[Site "Espoo"]
[Date "1991.??.??"]
[Round "5"]
[White "Crouch, Colin S"]
[Black "Kostyra, Stanislaw"]
[Result "1-0"]
[WhiteElo "2315"]
[BlackElo "2315"]

1.d4 Nf6 2.c4 e6 3.Nf3 b6 4.a3 Bb7 5.Nc3 d5 6.cxd5 Nxd5 7.Bd2 Nd7 8.Qc2 Nxc3
9.Bxc3 Nf6 10.e3 Be7 11.Bb5+ c6 12.Bd3 a5 13.Bd2 Nd7 14.Bxh7 Nf6 15.Bd3 c5
16.dxc5 Bxc5 17.Rd1 Rc8 18.Qb1 Qc7 19.b4 axb4 20.axb4 Bd6 21.Rc1 Qb8 22.Rxc8+ Qxc8
23.e4 Ng4 24.h3 Qb8 25.Ke2 Ne5 26.Nxe5 Bxe5 27.Rc1 O-O 28.Qb3 Qd6 29.Rd1 Rc8
30.b5 Bd4 31.f4 Bc5 32.Rf1 Qd4 33.Qc3 Qd7 34.f5 exf5 35.Rxf5 Re8 36.Re5 Rc8
37.Qb3 Bd4 38.Rf5 Re8 39.Rxf7 Qxf7 40.Bc4 Rxe4+ 41.Kd3 Qxc4+ 42.Qxc4+ Kf8
43.Qc7  1-0

[Event "FIN-chT"]
[Site "FIN"]
[Date "1991.??.??"]
[Round "?"]
[White "Lehto, Ville"]
[Black "Hentunen, Asko"]
[Result "1/2-1/2"]
[WhiteElo "2310"]
[BlackElo "2275"]

1.d4 Nf6 2.c4 e6 3.Nf3 b6 4.a3 c6 5.Nc3 d5 6.Bg5 Be7 7.e3 Ba6 8.Ne5 O-O 9.Rc1 Nfd7
10.Bxe7 Qxe7 11.Nxd7 Nxd7 12.Qa4 Bxc4 13.Bxc4 dxc4 14.Qxc4 c5 15.dxc5 Qxc5
16.Qxc5 Nxc5 17.Ke2  1/2-1/2

[Event "ISL-ch"]
[Site "Gardabaer"]
[Date "1991.??.??"]
[Round "2"]
[White "Olafsson, Helgi"]
[Black "Bergsson, Snorri"]
[Result "1-0"]
[WhiteElo "2595"]
[BlackElo "2285"]

1.d4 Nf6 2.Nf3 e6 3.c4 b6 4.a3 Bb7 5.Nc3 d5 6.cxd5 Nxd5 7.Bd2 Nd7 8.Qc2 Be7
9.e4 Nxc3 10.Bxc3 O-O 11.Rd1 Qc8 12.Bd3 Rd8 13.O-O Nf8 14.Rfe1 Ng6 15.Bc4 c5
16.d5 b5 17.Bxb5 exd5 18.exd5 Rxd5 19.Bc4 Rxd1 20.Qxd1 Qf5 21.Bd3 Bxf3 22.Bxf5 Bxd1
23.Rxd1 Rd8 24.Rxd8+ Bxd8 25.Bxg6 hxg6 26.Kf1 Bb6 27.Ke2 c4 28.Kf3 f5 29.Kf4 Bxf2
30.Ke5 Bg1 31.h3 Kf7 32.Kd5 g5 33.Kxc4 Ke6 34.Bxg7 f4 35.Bd4 Bxd4 36.Kxd4 Kf5
37.b4 f3 38.gxf3 Kf4 39.a4  1-0

[Event "ISL-ch"]
[Site "Gardabaer"]
[Date "1991.??.??"]
[Round "11"]
[White "Sigfusson, Sigurdur"]
[Black "Olafsson, Helgi"]
[Result "1/2-1/2"]
[WhiteElo "2270"]
[BlackElo "2595"]

1.d4 Nf6 2.c4 e6 3.Nf3 b6 4.a3 c5 5.e3 g6 6.Nc3 Bg7 7.Bd3 O-O 8.O-O Bb7 9.b4 d6
10.Rb1 Nbd7 11.Bb2 Qe7 12.Qe2 e5 13.Nd2 exd4 14.exd4 Qxe2 15.Nxe2 Rac8 16.bxc5 dxc5
17.d5 Ba6 18.Nc1 Rfe8 19.Rd1 Ne5 20.Bf1 Nfd7 21.h3 f5 22.a4 Rb8 23.Ba1 Nf7
24.Bxg7 Kxg7 25.Nd3 g5 26.f4 h6 27.Re1 Kf6 28.Nf3 Re4 29.Nfe5 Nfxe5 30.fxe5+ Rxe5
31.Nxe5 Nxe5 32.a5 f4 33.axb6 axb6 34.Re4 Kf5 35.Rbe1 Re8  1/2-1/2

[Event "Gausdal Int"]
[Site "Gausdal"]
[Date "1991.??.??"]
[Round "3"]
[White "Khenkin, Igor"]
[Black "Bykhovsky, Avigdor"]
[Result "1/2-1/2"]
[WhiteElo "2495"]
[BlackElo "2500"]

1.d4 Nf6 2.Nf3 e6 3.c4 b6 4.a3 Bb7 5.Nc3 d5 6.cxd5 Nxd5 7.e3 Be7 8.Bb5+ c6
9.Bd3 Nxc3 10.bxc3 c5 11.O-O O-O 12.Qc2 h6 13.Qe2 Qc8 14.Bb2 Rd8 15.Ne5 Nd7
16.f4 f5 17.c4 Nxe5 18.fxe5 Rf8 19.Rad1 Kh8 20.h3 cxd4 21.exd4 Qc6 22.d5 Qc5+
23.Kh2 Rad8 24.g4 exd5 25.cxd5 Qxd5 26.gxf5 Bc5 27.f6 gxf6 28.Bb1 Qc6 29.Rxf6 Rxd1
30.Rxf8+ Bxf8 31.e6+ Bg7 32.Bxg7+ Kxg7 33.Qe5+ Kg8 34.Bh7+ Kxh7 35.Qf5+ Kg7
36.Qf7+ Kh8  1/2-1/2

[Event "Peer Gynt"]
[Site "Gausdal"]
[Date "1991.??.??"]
[Round "5"]
[White "Bykhovsky, Avigdor"]
[Black "Vladimirov, Evgeny"]
[Result "0-1"]
[WhiteElo "2500"]
[BlackElo "2580"]

1.d4 Nf6 2.c4 e6 3.Nf3 b6 4.a3 Bb7 5.Nc3 d5 6.Bg5 Be7 7.Qa4+ Nfd7 8.Bxe7 Qxe7
9.cxd5 exd5 10.Ne5 O-O 11.Nxd7 Nxd7 12.e3 c5 13.Be2 a6 14.Bf3 Qe6 15.O-O Rac8
16.Rad1 Rfd8 17.Rfe1 Nf6 18.Re2 c4 19.b4 Rc7 20.e4 dxe4 21.d5 Qd7 22.Qxd7 Rcxd7
23.Bxe4 Kf8 24.Red2 Nxe4 25.Nxe4 Rxd5 26.Rxd5 Rxd5 27.Rxd5 Bxd5 28.Nc3 Bc6
29.h4 Ke7 30.f4 Ke6 31.g3 Kf5 32.Kf2 h6 33.Ke3 Kg4 34.Kf2 g5 35.fxg5 hxg5
36.hxg5 Kxg5 37.Nd1 f5 38.Nc3 Kg4 39.Nd1 f4 40.gxf4 Kxf4 41.Nc3 Bf3 42.a4 a5
43.bxa5 bxa5 44.Nb5 Bg4 45.Nc3 Bh5 46.Ke1 Ke3 47.Nd5+ Kd4 48.Nf4 Bf3 49.Kd2 c3+
50.Kc1 Kc4 51.Ne6 Bc6 52.Nf4 Kb3 53.Nd3 Bd5 54.Nc5+ Kc4 55.Nd7 Be4 56.Nf6 Bc6
57.Ng4 Bxa4 58.Ne3+ Kd4 59.Nf5+ Kd3 60.Ne7 Kc4 61.Nf5 Bc6 62.Ne3+ Kb3 63.Nc2 Be4
64.Ne3 a4 65.Nc2 a3 66.Na1+ Kc4 67.Kd1 Bc6 68.Kc2 Ba4+ 69.Kb1 Bb3  0-1

[Event "BL2-N9091"]
[Site "Germany"]
[Date "1991.??.??"]
[Round "?"]
[White "Dankert, Peter"]
[Black "Wells, Peter K"]
[Result "0-1"]
[WhiteElo "2235"]
[BlackElo "2460"]

1.d4 Nf6 2.Nf3 e6 3.c4 b6 4.a3 Ba6 5.Nbd2 Bb7 6.g3 c5 7.dxc5 bxc5 8.Bg2 Be7
9.O-O O-O 10.Qc2 a5 11.b3 a4 12.Bb2 axb3 13.Qxb3 Ra7 14.Rfe1 Nc6 15.Qc2 d6
16.Rad1 Qa8 17.h4 Rd8 18.Nb1 Na5 19.Nbd2 Ne4 20.g4 Nxd2 21.Rxd2 Be4 22.Qc1 Rb8
23.g5 Bf8 24.Rdd1 Nxc4 25.Bxg7 Bxg7 26.Qxc4 Ra4 27.Qc1 Rb1 28.Qd2 Rxd1 29.Rxd1 d5
30.h5 Rxa3 31.h6 Bc3 32.Qf4 Bxf3 33.Bxf3 Ra4 34.Qc7 c4 35.Bh5 Qf8 36.e4 d4
37.Rb1 Ra1 38.Rxa1 Bxa1 39.Qxc4 Qd8 40.Qc1 Bc3 41.Qf4 Qf8 42.Qf6 Bd2 43.e5 d3
44.Bf3 Bb4 45.Be4 d2 46.Bc2 Be7 47.Qf4 Qd8 48.Qf3 Bxg5 49.Bxh7+ Kxh7  0-1

[Event "Regionalliga NordS"]
[Site "Germany"]
[Date "1991.??.??"]
[Round "?"]
[White "Naumann, Frank"]
[Black "Chochulski, Artur"]
[Result "0-1"]
[WhiteElo "2280"]
[BlackElo "2290"]

1.d4 Nf6 2.c4 e6 3.Nf3 b6 4.a3 Bb7 5.Nc3 d5 6.cxd5 Nxd5 7.Bd2 Nd7 8.Qc2 g6
9.e4 Nxc3 10.Bxc3 Bg7 11.h4 O-O 12.h5 e5 13.hxg6 hxg6 14.O-O-O Qe7 15.d5 Rfc8
16.Kb1 c6 17.d6 Qe8 18.Qd2 c5 19.Bd3 c4 20.Bc2 Rd8 21.Qg5 f6 22.Qh4 Nf8 23.g4 g5
24.Qh3 Qe6 25.Nd2 a5 26.b4 Rxd6 27.Kb2 axb4 28.Bxb4 Rd4 29.Qc3 b5 30.f3 Nd7
31.Nf1 Rxd1 32.Bxd1 Bf8 33.Bxf8 Rxf8 34.Ne3 Nc5 35.Bc2 Rd8 36.Nf5 Nd3+ 37.Bxd3 Rxd3
38.Qa5 c3+ 39.Kc1 Qb3 40.Nh6+ Kf8  0-1

[Event "Katowice op"]
[Site "Katowice"]
[Date "1991.??.??"]
[Round "9"]
[White "Ikonnikov, Vyacheslav"]
[Black "Sokolin, Leonid M"]
[Result "1/2-1/2"]
[WhiteElo "2480"]
[BlackElo "2410"]

1.d4 Nf6 2.Nf3 e6 3.c4 b6 4.a3 Ba6 5.Qc2 c5 6.dxc5 Bxc5 7.e3 O-O 8.Nbd2 Be7
9.Bd3 d5 10.O-O Nbd7 11.b4 dxc4 12.Bxc4 Rc8 13.Qb3 Bxc4  1/2-1/2

[Event "JUG-ch"]
[Site "Kladovo"]
[Date "1991.??.??"]
[Round "8"]
[White "Maksimovic, Branimir"]
[Black "Jukic, Mirko"]
[Result "1/2-1/2"]
[WhiteElo "2380"]
[BlackElo "2460"]

1.d4 Nf6 2.c4 e6 3.Nf3 b6 4.a3 Bb7 5.Nc3 d5 6.cxd5 Nxd5 7.e3 Be7 8.Bb5+ c6
9.Bd3 Nxc3 10.bxc3 c5 11.O-O Nc6 12.Qe2 O-O 13.Bb2 cxd4 14.cxd4 Bf6 15.Rad1 Rc8
16.Rfe1 Rc7 17.e4 Na5 18.d5 Bxb2 19.Qxb2 exd5 20.e5 Qe7 21.Nd4 Nc4 22.Qe2 g6
23.f4 Qc5 24.Qf2 Re7 25.a4 Bc8 26.Rc1 Bd7 27.h4 Bg4 28.Bxc4 dxc4 29.Nb5 Qxf2+
30.Kxf2 Be6 31.Nd6 Rc7 32.Rc3 h5 33.Ke3 Rc5 34.Rb1 Ra5 35.Rb4 f6 36.exf6 Rxf6
37.Ra3 Bd5 38.Nxc4 Rc5 39.Ne5 Bxg2 40.Rd4 Rd5 41.Rad3 Rxd4 42.Rxd4 a5 43.Rd8+ Kg7
44.Rd7+ Kf8 45.Rd2 Bc6 46.Nd7+ Bxd7 47.Rxd7 Ke8 48.Rb7 Kd8 49.Ke4  1/2-1/2

[Event "Kobanya op"]
[Site "Kobanya"]
[Date "1991.??.??"]
[Round "5"]
[White "Czebe, Attila"]
[Black "Zagrebelny, Sergey"]
[Result "1-0"]
[WhiteElo "2280"]
[BlackElo "2475"]

1.d4 Nf6 2.c4 e6 3.Nf3 b6 4.a3 d5 5.cxd5 exd5 6.Nc3 Be7 7.Bg5 O-O 8.e3 Bb7
9.Bxf6 Bxf6 10.Bd3 Nd7 11.h4 c5 12.Bxh7+ Kxh7 13.Ng5+ Kh6 14.Qg4 g6 15.h5 Bxg5
16.hxg6+ Kg7 17.Rh7+ Kxg6 18.Qh5+ Kf6 19.f4 Ke7 20.fxg5 Ke8 21.Kd2 Qe7 22.Rf1 Rc8
23.Rf5 cxd4 24.exd4 Rc4 25.Nb5 Rc6 26.Rf2 Ne5 27.dxe5 Qxe5 28.Nd6+ Rxd6 29.Rfxf7 Qd4+
30.Ke1 Qg1+ 31.Rf1+  1-0

[Event "Lloyds Bank op"]
[Site "London"]
[Date "1991.??.??"]
[Round "1"]
[White "Ammann, Philipp"]
[Black "Chandler, Murray G"]
[Result "0-1"]
[WhiteElo "2275"]
[BlackElo "2605"]

1.d4 Nf6 2.c4 e6 3.Nf3 b6 4.a3 Bb7 5.Nc3 g6 6.Bg5 Bg7 7.e3 h6 8.Bh4 d6 9.Be2 O-O
10.O-O g5 11.Bg3 Nh5 12.Nd2 Nxg3 13.hxg3 f5 14.Bf3 d5 15.cxd5 exd5 16.Qb3 c6
17.Rfe1 Kh8 18.Rad1 Nd7 19.Qc2 Nf6 20.Be2 Ne4 21.Nf1 Qd6 22.Bd3 Rae8 23.Ne2 c5
24.Bb5 Rc8 25.Qb1 cxd4 26.Nxd4 f4 27.f3 Nxg3 28.Nxg3 fxg3 29.Nf5 Qe5 30.Nxg7 Kxg7
31.Rd4 Rc5 32.Bd7 Rc4 33.Qd3 Rxd4 34.Qxd4 Qxd4 35.exd4 Rf7 36.Bb5 Rc7 37.Bd3 Kf6
38.Kf1 Bc8 39.Re8 Be6 40.Rh8 Rc1+ 41.Ke2 Rg1 42.Rxh6+ Ke7 43.Rg6 Rxg2+ 44.Ke3 Rxb2
45.Rxg5 g2 46.f4 Ra2 47.f5 Bxf5  0-1

[Event "Malaga op"]
[Site "Malaga"]
[Date "1991.??.??"]
[Round "7"]
[White "Garcia Trobat, Francisco"]
[Black "Rodriguez, Amador"]
[Result "0-1"]
[WhiteElo "2305"]
[BlackElo "2530"]

1.d4 Nf6 2.c4 e6 3.Nf3 b6 4.a3 c5 5.d5 Ba6 6.Qc2 exd5 7.cxd5 g6 8.Nc3 Bg7
9.Bf4 d6 10.Qa4+ Qd7 11.Qxd7+ Kxd7 12.g3 Ke7 13.Bg2 Nbd7 14.O-O Rhe8 15.h3 Nh5
16.Be3 Kf8 17.Rfe1 Nxg3 18.Bf4 Nxe2+ 19.Nxe2 Bxe2 20.Bxd6+ Kg8 21.Ng5 Ba6
22.Rab1 Bb7 23.b4 c4 24.b5 Nf6 25.Be5 Nxd5 26.Bxg7 Kxg7 27.Red1 Red8 28.Rbc1 h6
29.Ne4 Nf4 30.Rxd8 Rxd8 31.Rxc4 Bd5 32.Ra4 Nxg2 33.Nc3 Bf3 34.Rxa7 Rd3 35.Rc7 h5
36.a4 h4 37.a5 bxa5 38.b6 Nf4 39.b7 Bxb7  0-1

[Event "Wch U20"]
[Site "Mamaia"]
[Date "1991.??.??"]
[Round "?"]
[White "Mikhalevski, Victor"]
[Black "Van Gisbergen, Stan"]
[Result "1-0"]
[WhiteElo "2300"]
[BlackElo "2295"]

1.d4 Nf6 2.Nf3 b6 3.c4 e6 4.a3 Bb7 5.Nc3 Ne4 6.Nxe4 Bxe4 7.Ng5 Bb7 8.d5 Be7
9.Ne4 O-O 10.g3 f5 11.Nc3 Bf6 12.Bd2 c6 13.Bg2 Na6 14.O-O Nc7 15.dxe6 dxe6
16.Qc2 Qc8 17.c5 Bd4 18.b4 bxc5 19.e3 Bxc3 20.Qxc3 cxb4 21.axb4 Rd8 22.Rfc1 Nb5
23.Qb2 Qd7 24.Be1 Rac8 25.Rc5 Qf7 26.Qe5 Ba8 27.e4 Nd4 28.Rc4 Nb3 29.Rb1 Nd2
30.Bxd2 Rxd2 31.Rd4 Rxd4 32.Qxd4 fxe4 33.Rc1 Qe7 34.Qe5 Re8 35.Rd1 h6 36.Bxe4 Bb7
37.Bc2 Qf6 38.Qe4 Qf5 39.Qc4 Qf7 40.Rd6 Kf8 41.Qd4 c5 42.Qxc5 Kg8 43.Qe3 Qe7
44.Rxe6 Qxe6 45.Bb3 Bd5 46.Bxd5 Qxd5 47.Qxe8+ Kh7 48.Qe1 Qd3 49.h4 a6 50.Qc1 Qb5
51.Qc2+ Kh8 52.Qe4 Kg8 53.h5 Kf7 54.Qd4 Qe2 55.Qd5+ Ke7 56.Kg2 Qb2 57.Qc5+ Kf7
58.Qc4+ Kf8 59.g4 Qf6 60.Kg3 Ke8 61.Qc8+ Ke7 62.Qc7+ Ke8 63.Qc8+ Ke7 64.Qc7+ Ke8
65.f4 Kf8 66.Qc5+ Kg8 67.Qc8+ Kf7 68.Qf5 Qxf5 69.gxf5 Kf6 70.Kg4 Ke7 71.Kf3 Kd6
72.Ke4 Kc6 73.Ke5 Kb5 74.f6  1-0

[Event "Manzanillo"]
[Site "Manzanillo"]
[Date "1991.??.??"]
[Round "11"]
[White "Medina, J."]
[Black "Gonzales, JA."]
[Result "0-1"]
[WhiteElo "2320"]
[BlackElo "2320"]

1.d4 Nf6 2.c4 e6 3.Nf3 b6 4.a3 Bb7 5.Nc3 d5 6.cxd5 exd5 7.Qa4+ c6 8.g3 Bd6
9.Bg2 O-O 10.O-O Re8 11.Bg5 Nbd7 12.Rac1 h6 13.Bxf6 Nxf6 14.Rfd1 a5 15.Qc2 b5
16.Ne1 Qe7 17.e3 Bc8 18.Nb1 Bd7 19.Nd2 a4 20.Nd3 Bf5 21.Qc3 Rac8 22.Re1 h5
23.Nc5 h4 24.e4 dxe4 25.Ndxe4 Nd5 26.Qf3 g6 27.g4 Bxc5 28.dxc5 Bxe4 29.Rxe4 Qg5
30.Rce1 Rxe4 31.Rxe4 Qc1+ 32.Bf1 Qxb2 33.g5 b4 34.Qh3 Ra8 35.Qd7 Qc1 36.Qxc6 Qxg5+
37.Kh1 Rb8 38.Qxa4 Nc3 39.Re8+ Kg7 40.Qd7 Rxe8 41.Qxe8 bxa3 42.c6 a2 43.Qe1 Qd5+  0-1

[Event "Moscow5-B"]
[Site "Moscow"]
[Date "1991.??.??"]
[Round "?"]
[White "Gavrilov, Alexei"]
[Black "Vasiliev, Rustam N"]
[Result "1-0"]
[WhiteElo "2325"]
[BlackElo "2305"]

1.d4 Nf6 2.c4 e6 3.Nf3 b6 4.a3 Bb7 5.Nc3 d5 6.Bg5 Be7 7.Qa4+ c6 8.Bxf6 Bxf6
9.cxd5 exd5 10.e3 O-O 11.Be2 Nd7 12.O-O c5 13.Ba6 cxd4 14.exd4 Bxa6 15.Qxa6 Re8
16.Nxd5 Nf8 17.Nxf6+ Qxf6 18.Rfe1 Ne6 19.Qb5 Red8 20.Rad1 Rd6 21.d5 Nc7 22.Qc4 Qd8
23.Rd2 Rc8 24.Rc1 Qe7 25.h3 Rdd8 26.Qg4 Ra8 27.Nd4 Nxd5 28.Nc6 Qc7 29.Qc4 Ne3
30.Rxd8+ Rxd8 31.fxe3  1-0

[Event "Russian Winter op"]
[Site "Moscow"]
[Date "1991.??.??"]
[Round "?"]
[White "Bagaturov, Giorgi"]
[Black "Utemov, Vladimir"]
[Result "1-0"]
[WhiteElo "2430"]
[BlackElo "2425"]

1.d4 Nf6 2.c4 e6 3.Nf3 b6 4.a3 Ba6 5.Qc2 Bb7 6.Nc3 c5 7.e4 cxd4 8.Nxd4 Bc5
9.Nb3 Nc6 10.Bg5 Be7 11.O-O-O Qb8 12.Kb1 O-O 13.f4 d6 14.Bd3 a6 15.Qe2 Re8
16.h4 Qc7 17.h5 h6 18.Bh4 Nd7 19.Bxe7 Rxe7 20.g4 Nc5 21.Nxc5 dxc5 22.Qf2 f6
23.Qe3 Rf8 24.e5 Nd4 25.exf6 Rxf6 26.Rhf1 Ref7 27.Ne2 Nxe2 28.Bxe2 Rxf4 29.Rxf4 Rxf4
30.Qxe6+ Rf7 31.Bd3 Bc8 32.Qg6 Kf8 33.Re1 Re7 34.Rd1 Rf7 35.Bc2 Bd7 36.g5 hxg5
37.h6  1-0

[Event "Moscow5-B"]
[Site "Moscow"]
[Date "1991.??.??"]
[Round "?"]
[White "Vasiliev, Rustam N"]
[Black "Dragomarezkij, Evgeni"]
[Result "1/2-1/2"]
[WhiteElo "2305"]
[BlackElo "2455"]

1.d4 Nf6 2.c4 e6 3.Nf3 b6 4.a3 Bb7 5.Nc3 d5 6.cxd5 exd5 7.Bg5 Be7 8.e3 O-O
9.Bxf6 Bxf6 10.Be2 c5 11.O-O Nd7 12.Rc1 a6 13.dxc5 Nxc5 14.Nd4 Qd6 15.Bf3 Rfd8
16.b4 Ne6 17.Nce2 a5 18.Qb3 axb4 19.axb4 Be5 20.h3 Bxd4 21.Nxd4 Nxd4 22.exd4 Bc6
23.b5 Ra3 24.Qb2 Bd7 25.Bxd5 Bxh3 26.Bc6 Bf5 27.Rfe1 Ra4 28.d5 g6 29.Qe5 Qxe5
30.Rxe5 Rb4 31.Rce1 Kg7 32.Re8 Rd6 33.Rb8 Be4 34.Rd1 Rc4 35.f3 Bc2 36.Rd2 Bb3
37.Rxb6 Rc5 38.Rb8 Bxd5 39.Be8 Re6 40.b6 Re1+ 41.Kf2 Rb1 42.Rd8 Be6 43.R8d6 Rc8
44.Bd7 Bxd7 45.Rxd7 Rxb6 46.g4 Rc3 47.R7d3 Rcc6 48.Re2 Rb1 49.Kg3 Rb5 50.Re7 h5
51.Red7 Rcc5 52.Re3 Rb6 53.Red3 Rc4 54.R3d4 Rxd4 55.Rxd4 Kh6 56.gxh5 Kxh5
57.Rd5+ Kh6 58.Rd7 f6 59.Rd5 Rb1 60.Ra5 Rg1+ 61.Kf4 Rh1 62.Ra8 Rh4+ 63.Kg3 Rh5
64.Ra6 Rg5+ 65.Kf4 f5 66.Ra8 Rg2 67.Rh8+ Kg7 68.Ra8 Rg1 69.Rb8 Rh1 70.Kg5 Rh5+
71.Kf4 Rh8 72.Rb1 Rh4+ 73.Kg5 Rh5+ 74.Kf4 Kh6 75.Kg3 Kg5 76.f4+  1/2-1/2

[Event "Moscow Central CC-ch"]
[Site "Moscow"]
[Date "1991.??.??"]
[Round "5"]
[White "Gavrilov, Alexei"]
[Black "Losev, Dmitry"]
[Result "0-1"]
[WhiteElo "2325"]
[BlackElo "2320"]

1.d4 Nf6 2.c4 e6 3.Nf3 b6 4.a3 Bb7 5.Nc3 g6 6.Bg5 h6 7.Bh4 g5 8.Bg3 Nh5 9.e3 Nxg3
10.hxg3 Bg7 11.Rc1 g4 12.Nd2 h5 13.b4 a5 14.c5 axb4 15.axb4 Nc6 16.Qb3 bxc5
17.bxc5 Rb8 18.Rb1 h4 19.Rxh4 Rxh4 20.gxh4 Qxh4 21.g3 Qh1 22.Qa4 Kd8 23.Ne2 Ra8
24.Qc2 Ba6 25.Nc3 f5 26.d5 exd5 27.Qxf5 Bxf1 28.Nxf1 Bxc3+ 29.Ke2 Ra2+ 30.Kd3 Bg7
31.Qg5+ Ke8 32.Nd2 Rxd2+ 33.Kxd2 Qxb1  0-1

[Event "Muenster op"]
[Site "Muenster"]
[Date "1991.??.??"]
[Round "5"]
[White "Werner, Dimo"]
[Black "Ambroz, Jan"]
[Result "1/2-1/2"]
[WhiteElo "2395"]
[BlackElo "2425"]

1.d4 e6 2.c4 Nf6 3.Nf3 b6 4.a3 Ba6 5.e3 Be7 6.Bd3 Bb7 7.Nbd2 c5 8.b3 O-O
9.Bb2 d6 10.Qc2 cxd4 11.exd4 Nbd7 12.Rd1 Re8 13.O-O Bf8 14.Rfe1 g6 15.Qb1 a5
16.Ng5  1/2-1/2

[Event "Munich"]
[Site "Munich"]
[Date "1991.??.??"]
[Round "2"]
[White "Gelfand, Boris"]
[Black "Christiansen, Larry Mark"]
[Result "0-1"]
[WhiteElo "2700"]
[BlackElo "2590"]

1.d4 Nf6 2.c4 e6 3.Nf3 b6 4.a3 Bb7 5.Nc3 g6 6.d5 Bg7 7.Bg5 h6 8.Bh4 O-O 9.e3 a5
10.Bd3 Na6 11.Bc2 Nc5 12.O-O a4 13.e4 d6 14.Nd4 Qd7 15.f4 exd5 16.exd5 Rfe8
17.f5 g5 18.Bg3 Ba6 19.Ndb5 Nce4 20.Nxe4 Nxe4 21.Bxe4 Rxe4 22.f6 Bxb5 23.cxb5 Bh8
24.Rc1 Rae8 25.Qh5 Qxb5 26.Rf5 Qe2 27.Qxe2 Rxe2 28.h4 gxh4 29.Bxh4 R8e4 30.Bf2 Kh7
31.Rxc7 Kg6 32.Rf3 Bxf6 33.Rg3+ Bg5 34.Rc6 Rxb2 35.Rxd6+ Kf5 36.Rxb6 Rxb6
37.Bxb6 Re1+ 38.Kf2 Bh4 39.Kxe1 Bxg3+ 40.Kd2 Bd6 41.Kc3 Bxa3 42.Bc7 h5 43.Bg3 Bc5
44.Kc4 a3 45.Kb3 Kf6 46.Bf4 Ke7 47.Be5 f6 48.Bf4 Bd6 49.Bc1 f5 50.Bg5+ Kf7  0-1

[Event "Nimes op"]
[Site "Nimes"]
[Date "1991.??.??"]
[Round "9"]
[White "Krasenkow, Michal"]
[Black "Psakhis, Lev"]
[Result "1/2-1/2"]
[WhiteElo "2570"]
[BlackElo "2555"]

1.d4 Nf6 2.Nf3 e6 3.c4 b6 4.a3 Bb7 5.Nc3 d5 6.cxd5 Nxd5 7.Qc2 Nxc3 8.bxc3 Be7
9.e3 Nd7 10.Bd3 c5 11.O-O Qc7 12.Qe2 O-O 13.Bb2 Rac8 14.e4 c4 15.Bc2 b5 16.Rfb1 Nb6
17.a4 bxa4 18.Bxa4 Nxa4 19.Rxa4 Qc6 20.Rxa7  1/2-1/2

[Event "Scandic Cup"]
[Site "Odense"]
[Date "1991.??.??"]
[Round "7"]
[White "Schandorff, Lars"]
[Black "Friis, Carsten Bank"]
[Result "1/2-1/2"]
[WhiteElo "2425"]
[BlackElo "2305"]

1.d4 Nf6 2.c4 e6 3.Nf3 b6 4.a3 c5 5.d5 Ba6 6.Qb3 exd5 7.cxd5 g6 8.Bf4 d6
9.Nc3 Bg7 10.Qa4+ Qd7 11.Qxd7+ Kxd7 12.g3 Re8 13.Nd2 Nh5 14.Be3 f5 15.Rc1 Kc7
16.Bg2 Nd7 17.b4 Ne5 18.Bh3 Bh6 19.b5 Bc8 20.Bxh6 Nd3+ 21.Kf1 Nxc1 22.f3 a6
23.Kf2 Nxe2  1/2-1/2